| 000 | 00670 a2200169 4500 | ||
|---|---|---|---|
| 003 | Nust | ||
| 005 | 20230102093603.0 | ||
| 040 | _cNust | ||
| 082 | _a355.309549,PAK | ||
| 100 |
_aAskree, Maj Gen Syed Zafar Mehdi _9106582 |
||
| 245 |
_aPakistan Army Green Book -1991, _bYear of the Commanding Officer / _hGHQ Rawalpindi |
||
| 260 |
_aRawalpindi _bG.H.Q _c1991 |
||
| 300 | _a375:p | ||
| 505 | _aPart One: Leadership The Commanding Officer (Page-1), Part Two: Reorganization, Induction and Developments (Page-257), Part Three: Future Trends and Development in Weapon Systems (Page-343). | ||
| 650 |
_aPakistan Army Green Book _9103224 |
||
| 942 |
_cBK _2ddc _k355.309549,PAK |
||
| 999 |
_c186250 _d186250 |
||